| 000 | 00477nam a2200205Ia 4500 | ||
|---|---|---|---|
| 003 | 0100 | ||
| 008 | 130303s9999 xx 000 0 und d | ||
| 020 | _a067426858X | ||
| 040 | _cARRUPELIB | ||
| 050 | _aBJ1012.W52 1985 | ||
| 100 | _aWilliams, Bernard | ||
| 245 | _aEthics and the limits of philosophy | ||
| 260 | _aCambridge | ||
| 260 | _bHarvard University Press | ||
| 260 | _C1985 | ||
| 300 | _aix | ||
| 300 | _b 230p. 24cm. | ||
| 650 | _aETHICS | ||
| 942 | 0 | 0 | _05 |
| 999 |
_c23252 _d23252 |
||